Polegarzinho (Registo nº 4590)

Detalhes MARC
000 -Etiqueta do registo
Cabeçalho 00629nam0a2200253 4500
005 - Identificador da versão
Campo de controlo 20240905122107.0
010 ## - Número internacional normalizado dos livros (ISBN)
Número (ISBN) 9722600508
021 ## - Número do Depósito Legal
Código do país PT
Código do país PT
Código do país PT
100 ## - Dados gerais de processamento
Dados gerais de processamento 20170303d1979 b y0pory5003 ba
101 1# - Língua de publicação
Língua do texto, banda sonora, etc. Português
Língua do documento no original Francês
102 ## - Pais de publicação ou produção
País de publicação Portugal
200 1# - Titulo e menção de responsabilidade
Título próprio Polegarzinho
Primeira menção de responsabilidade adaptação livre de Eileen
210 ## - Publicação, Distribuição, etc. 
Lugar da edição, distribuição, etc. [Porto]
Nome do editor, distribuidor, etc. Civilização
Data da publicação, distribuição, etc. 1979
215 ## - Descrição física 
Indicação específica da natureza do documento e extensão da espécie [20] p.
Outras indicações físicas il. color
225 1# - Colecção 
Título próprio da colecção As crianças e a fábula
Indicação de volume 1
606 ## - Nome comum usado como assunto
Número de registo de entrada de autoridade 0001419
Palavra de ordem Literatura francesa
Subdivisão de assunto Conto
Código do sistema CA
675 ## - Classificação Decimal Universal (CDU)
Notação 821.133.1-34
Edição 3ª ed.
Língua da edição por
702 #0 - Nome de autor-pessoa física (responsabilidade secundária)
Número de registo de entrada de autoridade 0000517
Palavra de ordem Eileen
942 ## - Elementos de entrada adicionados (Koha)
Tipo de item no Koha Livro
966 ## - Identificação da Biblioteca
Sigla EBVEN
Exemplares
Situação do levantamento Origin of item (home branch) (coded) Biblioteca de empréstimo Código de barras Cota Circulation type (not for loan) Tipo de documento Nota do exemplar Damaged status
  Biblioteca Escolar das Vendas Biblioteca Escolar das Vendas BEV118 8EST POL   Livro Sem mensagem